Zum Streit über die Grundlagen der Lehre von den Beweisverwertungsverboten

Gespeichert in:  
Bibliographische Detailangaben
1. VerfasserIn: Amelung, Knut 1939-2016 (Verfasst von)
Medienart: Druck Aufsatz
Sprache:Deutsch
Veröffentlicht: 2001
In: Festschrift für Claus Roxin zum 70. Geburtstag am 15. Mai 2001
Jahr: 2001, Seiten: [1259] - 1280
Verfügbarkeit prüfen: HBZ Gateway
Schlagwörter:

MARC

LEADER 00000caa a22000002c 4500
001 1161738835
003 DE-627
005 20220524100735.0
007 tu
008 010611s2001 xx ||||| 00| ||ger c
020 |a 3110165155 
035 |a (DE-627)1161738835 
035 |a (DE-576)091738830 
035 |a (DE-599)BSZ091738830 
040 |a DE-627  |b ger  |c DE-627  |e rakwb 
041 |a ger 
100 1 |a Amelung, Knut  |d 1939-2016  |0 (DE-588)108087050  |0 (DE-627)592606945  |0 (DE-576)160068924  |4 aut 
109 |a Amelung, Knut 1939-2016 
245 1 0 |a Zum Streit über die Grundlagen der Lehre von den Beweisverwertungsverboten  |c Knut Amelung 
264 1 |c 2001 
300 |a S. [1259] - 1280 
336 |a Text  |b txt  |2 rdacontent 
337 |a ohne Hilfsmittel zu benutzen  |b n  |2 rdamedia 
338 |a Band  |b nc  |2 rdacarrier 
773 0 8 |i In  |t Festschrift für Claus Roxin zum 70. Geburtstag am 15. Mai 2001  |d Berlin [u.a.] : de Gruyter, 2001  |g (2001), Seite [1259] - 1280  |h XVI, 1579 S.  |w (DE-627)32765340X  |w (DE-576)090874161  |z 3110165155  |7 nnam 
773 1 8 |g year:2001  |g pages:[1259] - 1280 
935 |a mkri 
951 |a AR 
ELC |b 1 
LOK |0 000 xxxxxcx a22 zn 4500 
LOK |0 001 2899629859 
LOK |0 003 DE-627 
LOK |0 004 1161738835 
LOK |0 005 20260210121053 
LOK |0 008 160208||||||||||||||||ger||||||| 
LOK |0 040   |a DE-21-110  |c DE-627  |d DE-21-110 
LOK |0 689   |a s  |a Strafverfahren 
LOK |0 689   |a s  |a Verwertungsverbote 
LOK |0 852   |a DE-21-110 
LOK |0 852 1  |m p  |9 00 
LOK |0 935   |a k110 
LOK |0 938   |k p 
LOK |0 939   |a 08-02-16  |b l01 
ORI |a WA-MARC-krimdoka001.raw